| 000 | 00367nam a22001457a 4500 | ||
|---|---|---|---|
| 003 | OSt | ||
| 005 | 20211102105739.0 | ||
| 008 | 211102b |||||||| |||| 00| 0 eng d | ||
| 040 | _cHawassa University | ||
| 050 |
_a634.9/NAT _b3 |
||
| 082 |
_a634.9/NAT _b3 |
||
| 245 | _aFirewood crops | ||
| 260 |
_aWashington D.C _bNational Academy _c1980 |
||
| 942 |
_2ddc _cBOOKS _n0 |
||
| 999 |
_c16264 _d16264 |
||